000 00359nam a2200157Ia 4500
003 OSt
005 20240207163140.0
008 170524s9999 xx 000 0 und d
020 _a978-9352606269
040 _cIIMT UNIVERSITY
100 _aVOHRA N D
100 _c2009
245 0 _aQUANTITATIVE TECHNIQUES IN MANAGEMENT
260 _aTMH
942 _2ddc
_c01
999 _c2660
_d2660